[Event "Nuremberg Zabo op 23rd"]
[Site "Nuremberg"]
[Date "2023.09.16"]
[Round "3"]
[White "Mueller, Ludwig"]
[Black "Petzold, Vinzenz"]
[Result "1/2-1/2"]
[WhiteElo "1767"]
[BlackElo "2035"]
[PlyCount "57"]
[EventDate "2023.09.15"]
[EventType "swiss"]
[EventRounds "5"]
[EventCountry "GER"]
[SourceTitle "EXT 2024"]
[Source "ChessBase"]
[SourceDate "2023.10.10"]
[SourceVersion "1"]
[SourceVersionDate "2023.10.10"]
[SourceQuality "1"]

1. Nf3 d5 2. e3 c5 3. b3 Nc6 4. Bb5 Bd7 5. Bb2 Nf6 6. c4 e6 7. Bxc6 Bxc6 8. Ne5 Be7 9. Nxc6 bxc6 10. d3 Qc7 11. 0-0 0-0 12. Nd2 e5 13. Qe2 Rad8 14. e4 Bd6 15. Nf3 Rfe8 16. Rfe1 Nd7 17. h3 f6 18. Nh4 Nf8 19. Nf5 Ne6 20. g3 Bf8 21. Ne3 Nd4 22. Bxd4 cxd4 23. Nc2 dxc4 24. bxc4 Rb8 25. Reb1 Rb7 26. Rb3 Reb8 27. Rab1 Rxb3 28. Rxb3 Rxb3 29. axb3 1/2-1/2

[Event "Nuremberg Zabo op 18th"]
[Site "Nuremberg"]
[Date "2016.09.18"]
[Round "4"]
[White "Faralisz, Patrick"]
[Black "Mueller, Ludwig"]
[Result "1-0"]
[WhiteElo "1909"]
[BlackElo "1644"]
[PlyCount "100"]
[EventDate "2016.09.16"]
[EventType "swiss"]
[EventRounds "5"]
[EventCountry "GER"]
[SourceTitle "EXT 2018"]
[Source "ChessBase"]
[SourceDate "2017.10.13"]
[SourceVersion "1"]
[SourceVersionDate "2017.10.13"]
[SourceQuality "1"]

1. e4 c5 2. Nf3 Nc6 3. Bb5 g6 4. 0-0 Bg7 5. Bxc6 dxc6 6. d3 Bg4 7. h3 Bxf3 8. Qxf3 e6 9. Nc3 Ne7 10. Be3 b6 11. a4 0-0 12. a5 Qc7 13. Ra2 f5 14. Rfa1 Qb7 15. Bg5 b5 16. Ne2 f4 17. Qg4 e5 18. Qe6+ Rf7 19. a6 Qc7 20. Bxe7 Re8 21. f3 Rexe7 22. Qb3 Qd6 23. Rb1 Bf8 24. Raa1 Qe6 25. Qxe6 Rxe6 26. b3 g5 27. Kf2 h5 28. Rh1 h4 29. Nc3 Rd7 30. Ke2 Red6 31. Rhd1 Rd8 32. Nb1 Rd4 33. Nd2 R8d7 34. Nf1 Bd6 35. Nh2 Kg7 36. Ng4 Bc7 37. Ra2 Re7 38. Rb2 Ba5 39. c4 b4 40. Ra2 Bc7 41. Rda1 Red7 42. Rd2 Re7 43. Nf2 Red7 44. Nd1 Rd8 45. Nb2 Bd6 46. Ra5 Kf6 47. Na4 Ke6 48. Rxc5 Bxc5 49. Nxc5+ Kf6 50. Nb7 R8d7 1-0

[Event "Mittelfranken-ch QT"]
[Site "Nuremberg"]
[Date "2016.03.26"]
[Round "7"]
[White "Friedrich, Michael Christian"]
[Black "Mueller, Ludwig"]
[Result "1/2-1/2"]
[WhiteElo "1515"]
[BlackElo "1843"]
[PlyCount "120"]
[EventDate "2016.03.23"]
[EventType "swiss"]
[EventRounds "7"]
[EventCountry "GER"]
[SourceTitle "EXT 2018"]
[Source "ChessBase"]
[SourceDate "2017.10.13"]
[SourceVersion "1"]
[SourceVersionDate "2017.10.13"]
[SourceQuality "1"]

1. Nf3 Nf6 2. c4 e6 3. Nc3 b6 4. g3 Bb7 5. Bg2 Bb4 6. 0-0 0-0 7. d4 Bxc3 8. bxc3 d6 9. Qc2 Nbd7 10. Bf4 Re8 11. Rad1 h6 12. Ne1 Bxg2 13. Nxg2 g5 14. Bc1 e5 15. Ne3 Kh8 16. Nf5 Ng8 17. e4 Qf6 18. Kg2 Ne7 19. Ne3 h5 20. Rh1 Rg8 21. h3 Nf8 22. Qe2 Qg6 23. Qf3 f6 24. Ba3 Nd7 25. c5 bxc5 26. dxc5 Nxc5 27. Bxc5 dxc5 28. Rd7 Rg7 29. Rxc7 Nc8 30. Rxc5 Nd6 31. Nf5 Nxf5 32. exf5 Qe8 33. Qc6 Qxc6+ 34. Rxc6 Rf7 35. Rd1 Kg7 36. c4 Rb8 37. Rd2 Rb4 38. Rc8 Rf8 39. Rxf8 Kxf8 40. Rc2 Ke7 41. Kf3 Kd6 42. Ke4 Kc5 43. f4 exf4 44. gxf4 gxf4 45. Kxf4 Rxc4+ 46. Rxc4+ Kxc4 47. Kg3 Kd4 48. Kh4 Ke5 49. Kxh5 Kxf5 50. h4 Ke4 51. Kg6 f5 52. h5 f4 53. h6 f3 54. h7 f2 55. h8Q f1Q 56. Qa8+ Ke5 57. Qb8+ Ke6 58. Qc8+ Kd5 59. Qd7+ Ke5 60. Qe7+ Kd5 1/2-1/2

[Event "Mittelfranken-ch QT"]
[Site "Nuremberg"]
[Date "2016.03.25"]
[Round "5"]
[White "Diller, Peter"]
[Black "Mueller, Ludwig"]
[Result "1-0"]
[WhiteElo "1999"]
[BlackElo "1843"]
[PlyCount "103"]
[EventDate "2016.03.23"]
[EventType "swiss"]
[EventRounds "7"]
[EventCountry "GER"]
[SourceTitle "EXT 2018"]
[Source "ChessBase"]
[SourceDate "2017.10.13"]
[SourceVersion "1"]
[SourceVersionDate "2017.10.13"]
[SourceQuality "1"]

1. e4 b6 2. d4 Bb7 3. Bd3 e6 4. Be3 Nf6 5. Nd2 c5 6. c3 cxd4 7. cxd4 Bb4 8. f3 Ba6 9. Qb3 Bxd2+ 10. Bxd2 Bxd3 11. Qxd3 Nc6 12. Ne2 0-0 13. Bg5 h6 14. Bh4 g5 15. Bf2 d6 16. 0-0 Rc8 17. Rac1 Qd7 18. h3 e5 19. Rfd1 Nxd4 20. Bxd4 Rxc1 21. Rxc1 exd4 22. Nxd4 Rd8 23. Nf5 h5 24. Qd2 Nh7 25. Rd1 f6 26. Qxd6 Qxd6 27. Rxd6 Rxd6 28. Nxd6 a6 29. Kf2 Nf8 30. Ke3 Nd7 31. Kd4 Kf8 32. b4 h4 33. Kd5 Ne5 34. Nc4 Nd3 35. Nxb6 Nxb4+ 36. Ke6 Nxa2 37. Kxf6 a5 38. Na4 Nb4 39. Kxg5 Nd3 40. Kxh4 Nf4 41. g3 Ng6+ 42. Kg5 Kf7 43. f4 Ne7 44. f5 Nc6 45. Kf4 Nd4 46. g4 Ne2+ 47. Ke3 Ng1 48. h4 Nh3 49. g5 Kg7 50. e5 Kf7 51. Nc5 Ke8 52. f6 1-0

[Event "Mittelfranken-ch QT"]
[Site "Nuremberg"]
[Date "2015.04.01"]
[Round "2"]
[White "Chowdhury, Sandip"]
[Black "Mueller, Ludwig"]
[Result "0-1"]
[WhiteElo "1540"]
[BlackElo "1601"]
[PlyCount "50"]
[EventDate "2015.04.01"]
[EventType "swiss"]
[EventRounds "7"]
[EventCountry "GER"]
[SourceTitle "CBM 166 Extra"]
[Source "ChessBase"]
[SourceDate "2015.06.18"]
[SourceVersion "1"]
[SourceVersionDate "2015.06.18"]
[SourceQuality "1"]

1. e4 b6 2. c4 Bb7 3. Nc3 e6 4. Nf3 Bb4 5. e5 Bxc3 6. bxc3 d6 7. exd6 Qxd6 8. Be2 Nf6 9. d4 Nbd7 10. a4 c5 11. a5 0-0 12. 0-0 Qc7 13. a6 Bc6 14. Re1 Rad8 15. Bf1 h6 16. Ne5 Nxe5 17. Rxe5 Qxe5 18. dxe5 Rxd1 19. exf6 gxf6 20. Bb2 Rxa1 21. Bxa1 Rd8 22. Bb2 Rd1 23. f3 Kg7 24. f4 Be4 25. Ba3 Bd3 0-1

[Event "Nuremberg Zabo op 16th"]
[Site "Nuremberg"]
[Date "2014.09.20"]
[Round "2"]
[White "Dresel, Martin"]
[Black "Mueller, Ludwig"]
[Result "0-1"]
[WhiteElo "1329"]
[BlackElo "1601"]
[PlyCount "86"]
[EventDate "2014.09.19"]
[EventType "swiss"]
[EventRounds "5"]
[EventCountry "GER"]
[SourceTitle "EXT 2018"]
[Source "ChessBase"]
[SourceDate "2017.10.13"]
[SourceVersion "1"]
[SourceVersionDate "2017.10.13"]
[SourceQuality "1"]

1. d4 Nf6 2. c4 e6 3. Nf3 b6 4. g3 Bb7 5. Bg2 Bb4+ 6. Bd2 Qe7 7. 0-0 0-0 8. a3 Bxd2 9. Nbxd2 d6 10. b4 Nbd7 11. Qc2 h6 12. Rae1 c5 13. e3 d5 14. bxc5 bxc5 15. cxd5 Nxd5 16. dxc5 Nxc5 17. Rc1 Rfc8 18. Qd1 Nf6 19. Rc3 Nce4 20. Rxc8+ Rxc8 21. Nxe4 Bxe4 22. Qb3 Qc5 23. Qb4 Qc3 24. Qxc3 Rxc3 25. Nd2 Bxg2 26. Kxg2 Rc2 27. Rd1 Ra2 28. Nc4 Ne4 29. Rd8+ Kh7 30. Ra8 Rxf2+ 31. Kg1 Rc2 32. Ne5 Rc7 33. Rf8 Nd6 34. Ra8 f6 35. Nf3 e5 36. Nd2 Nc8 37. Ne4 Nb6 38. Rb8 Nc4 39. a4 Nxe3 40. Nd6 Rc1+ 41. Kf2 Ng4+ 42. Kg2 Rc2+ 43. Kh3 h5 0-1

[Event "Nuremberg Zabo op 15th"]
[Site "Nuremberg"]
[Date "2013.09.21"]
[Round "3"]
[White "Osuna Sanchez, Infante Raul"]
[Black "Mueller, Ludwig"]
[Result "1-0"]
[WhiteElo "1855"]
[BlackElo "1582"]
[PlyCount "63"]
[EventDate "2013.09.20"]
[EventType "swiss"]
[EventRounds "5"]
[EventCountry "GER"]
[SourceTitle "EXT 2016"]
[Source "ChessBase"]
[SourceDate "2015.10.08"]
[SourceVersion "1"]
[SourceVersionDate "2015.10.08"]
[SourceQuality "1"]

1. e4 b6 2. d4 Bb7 3. Nc3 e6 4. Nf3 Bb4 5. Bd3 Nf6 6. Bg5 h6 7. Bxf6 Qxf6 8. 0-0 Bxc3 9. bxc3 0-0 10. Qd2 d6 11. e5 dxe5 12. dxe5 Qe7 13. Qf4 Nd7 14. Be4 Bxe4 15. Qxe4 Nc5 16. Qg4 Rad8 17. Nd4 Qe8 18. Rfe1 Nb7 19. Re3 c5 20. Rg3 g6 21. Qh4 Kh7 22. Rh3 h5 23. Nf3 Rd7 24. g4 Qd8 25. Ng5+ Kg7 26. gxh5 gxh5 27. Qxh5 Rh8 28. Qg4 f6 29. Nxe6+ Kf7 30. Nxd8+ Rdxd8 31. Rxh8 Rxh8 32. Qd7+ 1-0

[Event "Nuremberg Zabo op 14th"]
[Site "Nuremberg"]
[Date "2012.09.16"]
[Round "4"]
[White "Korth, Manfred"]
[Black "Mueller, Ludwig"]
[Result "0-1"]
[WhiteElo "1810"]
[BlackElo "1626"]
[PlyCount "62"]
[EventDate "2012.09.14"]
[EventType "swiss"]
[EventRounds "5"]
[EventCountry "GER"]
[SourceTitle "EXT 2018"]
[Source "ChessBase"]
[SourceDate "2017.10.13"]
[SourceVersion "1"]
[SourceVersionDate "2017.10.13"]
[SourceQuality "1"]

1. Nf3 b6 2. g3 Bb7 3. Bg2 Nf6 4. d3 e6 5. e4 d5 6. e5 Nfd7 7. 0-0 c5 8. c3 Be7 9. Re1 Nc6 10. h4 Qc7 11. Bf4 h6 12. Nbd2 0-0-0 13. d4 Rdg8 14. h5 g6 15. hxg6 Rxg6 16. Rc1 c4 17. b3 Na5 18. bxc4 Nxc4 19. Nxc4 dxc4 20. Qa4 a6 21. Nd2 b5 22. Qc2 Nb6 23. Ne4 Nd5 24. Bd2 h5 25. Bf3 h4 26. Qd1 hxg3 27. Nxg3 Bh4 28. Be4 f5 29. exf6 Rxg3+ 30. Kf1 Rgg8 31. Bf3 Qh2 0-1

[Event "Mittelfranken-ch QT 59th"]
[Site "Forchheim"]
[Date "2010.04.03"]
[Round "7"]
[White "Dreiseitel, Werner"]
[Black "Mueller, Ludwig"]
[Result "1/2-1/2"]
[WhiteElo "1382"]
[BlackElo "1620"]
[PlyCount "49"]
[EventDate "2010.03.31"]
[EventType "swiss"]
[EventRounds "7"]
[EventCountry "GER"]
[SourceTitle "EXT 2011"]
[Source "ChessBase"]
[SourceDate "2010.11.26"]
[SourceVersion "1"]
[SourceVersionDate "2010.11.26"]
[SourceQuality "1"]

1. d4 b6 2. c4 e6 3. Nc3 Bb7 4. Bf4 Bb4 5. Qc2 Nf6 6. a3 Bxc3+ 7. Qxc3 Ne4 8. Qc2 f5 9. Nf3 0-0 10. h3 d6 11. e3 h6 12. Bd3 g5 13. Bh2 Nf6 14. d5 exd5 15. Bxf5 dxc4 16. Be6+ Kg7 17. Nd4 Be4 18. Qc3 d5 19. f3 c5 20. fxe4 cxd4 21. exd4 Nxe4 22. Be5+ Kg6 23. Qe3 Nc6 24. 0-0-0 b5 25. Rhf1 1/2-1/2

[Event "Mittelfranken-ch NT 58th"]
[Site "Postbauer"]
[Date "2009.04.09"]
[Round "4"]
[White "Mueller, Ludwig"]
[Black "Dreiseitel, Werner"]
[Result "1/2-1/2"]
[WhiteElo "1694"]
[BlackElo "1397"]
[PlyCount "35"]
[EventDate "2009.04.08"]
[EventType "swiss"]
[EventRounds "7"]
[EventCountry "GER"]
[SourceTitle "EXT 2015"]
[Source "ChessBase"]
[SourceDate "2014.11.20"]
[SourceVersion "1"]
[SourceVersionDate "2014.11.20"]
[SourceQuality "1"]

1. e4 c6 2. d4 d5 3. Nc3 dxe4 4. Nxe4 Bf5 5. Ng3 Bg6 6. Nf3 e6 7. Bd3 Nd7 8. 0-0 Qc7 9. Be3 Ngf6 10. Qd2 Bd6 11. c4 Bxd3 12. Qxd3 0-0 13. c5 Bf4 14. Ne2 Bxe3 15. fxe3 e5 16. Nxe5 Nxe5 17. dxe5 Qxe5 18. Qd4 1/2-1/2

[Event "Mittelfranken-ch NT 58th"]
[Site "Postbauer"]
[Date "2009.04.09"]
[Round "3"]
[White "Weissmann, Peter"]
[Black "Mueller, Ludwig"]
[Result "1/2-1/2"]
[WhiteElo "1636"]
[BlackElo "1694"]
[PlyCount "45"]
[EventDate "2009.04.08"]
[EventType "swiss"]
[EventRounds "7"]
[EventCountry "GER"]
[SourceTitle "EXT 2015"]
[Source "ChessBase"]
[SourceDate "2014.11.20"]
[SourceVersion "1"]
[SourceVersionDate "2014.11.20"]
[SourceQuality "1"]

1. e4 b6 2. d4 Bb7 3. Bd3 e6 4. Ne2 Nf6 5. Nd2 c5 6. c3 cxd4 7. cxd4 Bb4 8. Nc3 0-0 9. 0-0 Ba6 10. Bxa6 Nxa6 11. a3 Bxc3 12. bxc3 d5 13. e5 Nd7 14. a4 Rc8 15. Qe2 Nab8 16. Ba3 Re8 17. Rac1 f6 18. f4 Nc6 19. Nb3 Na5 20. Nxa5 bxa5 21. Rf3 Nb6 22. Rh3 g6 23. Bc5 1/2-1/2

[Event "Nuremberg Zabo op 10th"]
[Site "Nuremberg"]
[Date "2008.09.20"]
[Round "2"]
[White "Bilchinski, Anton"]
[Black "Mueller, Ludwig"]
[Result "0-1"]
[WhiteElo "1358"]
[BlackElo "1717"]
[PlyCount "111"]
[EventDate "2008.09.19"]
[EventType "swiss"]
[EventRounds "5"]
[EventCountry "GER"]
[SourceTitle "EXT 2012"]
[Source "ChessBase"]
[SourceDate "2011.11.24"]
[SourceVersion "1"]
[SourceVersionDate "2011.11.24"]
[SourceQuality "1"]

1. d4 b6 2. c4 e6 3. a3 Nf6 4. Nc3 Bb7 5. e3 c5 6. d5 exd5 7. cxd5 d6 8. e4 Nbd7 9. Nf3 a6 10. a4 Be7 11. h3 0-0 12. Bd3 Qc7 13. Qe2 h6 14. 0-0 Nh7 15. Rd1 f6 16. Bb1 Ne5 17. Nh4 Bc8 18. f4 Nf7 19. Ng6 Re8 20. f5 Nf8 21. Qg4 Ne5 22. Nxe5 fxe5 23. Bxh6 Bf6 24. Rd3 Nh7 25. Rg3 Qf7 26. h4 Kf8 27. Bg5 Bxg5 28. hxg5 g6 29. fxg6 Qxg6 30. Qf3+ Kg7 31. Bd3 Rf8 32. Qe3 Bd7 33. Rf1 Rxf1+ 34. Bxf1 a5 35. Bb5 Bxb5 36. Nxb5 Rf8 37. Nc7 Kg8 38. b3 Rf4 39. Ne6 Rxe4 40. Qd2 Nf8 41. Nxf8 Kxf8 42. Rf3+ Kg7 43. Rf6 Qh5 44. Rxd6 Rd4 45. Qe3 Qd1+ 46. Kf2 Rd2+ 47. Qxd2 Qxd2+ 48. Kg1 e4 49. Rd7+ Kg6 50. d6 Qxg5 51. Rb7 Qc1+ 52. Kh2 Qf4+ 53. g3 Qxd6 54. Kg2 Qf6 55. Rb8 e3 56. Rd8 0-1